[Event "Ste Foy Tal"]
[Site "Ste Foy"]
[Date "2017.12.02"]
[Round "2"]
[White "Gaudreau, Eric"]
[Black "Sauve, Richard"]
[Result "0-1"]
[WhiteElo "1722"]
[BlackElo "1904"]
[PlyCount "58"]
[EventDate "2017.11.25"]
[EventType "swiss"]
[EventRounds "5"]
[EventCountry "CAN"]
[SourceTitle "EXT 2022"]
[Source "ChessBase"]
[SourceDate "2021.10.06"]
[SourceVersion "1"]
[SourceVersionDate "2021.10.06"]
[SourceQuality "1"]

1. d4 d5 2. Bf4 Nf6 3. e3 c5 4. c3 Qb6 5. Qb3 c4 6. Qc2 g6 7. Nf3 Bg7 8. Be2 0-0 9. Nbd2 Bf5 10. Qc1 Nc6 11. Ne5 Nxe5 12. Bxe5 Qc6 13. h3 b5 14. g4 Be6 15. Qc2 Rfc8 16. f4 Ne4 17. Nxe4 dxe4 18. Bxg7 Kxg7 19. 0-0 Bd5 20. f5 Rh8 21. g5 f6 22. gxf6+ exf6 23. h4 Kf7 24. Rf4 Rag8 25. fxg6+ Rxg6+ 26. Rg4 Qe6 27. Rxg6 hxg6 28. h5 gxh5 29. Kh2 Qd6+ 0-1

[Event "Ste Foy Botwinnik"]
[Site "Ste Foy"]
[Date "2017.09.09"]
[Round "1"]
[White "Lessard, Claude"]
[Black "Gaudreau, Eric"]
[Result "1-0"]
[WhiteElo "2124"]
[BlackElo "1750"]
[PlyCount "33"]
[EventDate "2017.09.09"]
[EventType "swiss"]
[EventRounds "5"]
[EventCountry "CAN"]
[SourceTitle "EXT 2022"]
[Source "ChessBase"]
[SourceDate "2021.10.06"]
[SourceVersion "1"]
[SourceVersionDate "2021.10.06"]
[SourceQuality "1"]

1. e4 d6 2. d4 Nf6 3. Nc3 Nbd7 4. Bc4 e5 5. Nf3 Be7 6. dxe5 dxe5 7. Bxf7+ Kxf7 8. Ng5+ Kg8 9. Ne6 Qe8 10. Nxc7 Qg6 11. Nxa8 Qxg2 12. Rf1 Nc5 13. Qe2 Ng4 14. Be3 Nxh2 15. Bxc5 Qxf1+ 16. Qxf1 Nxf1 17. Bxe7 1-0

[Event "Ste Foy Petrossian"]
[Site "Ste Foy"]
[Date "2017.05.06"]
[Round "5"]
[White "Gaudreau, Eric"]
[Black "Laflamme, Simon"]
[Result "1/2-1/2"]
[WhiteElo "1719"]
[BlackElo "1864"]
[PlyCount "48"]
[EventDate "2017.04.01"]
[EventType "swiss"]
[EventRounds "5"]
[EventCountry "CAN"]
[SourceTitle "EXT 2022"]
[Source "ChessBase"]
[SourceDate "2021.10.06"]
[SourceVersion "1"]
[SourceVersionDate "2021.10.06"]
[SourceQuality "1"]

1. e4 c6 2. d4 d5 3. Nc3 dxe4 4. Nxe4 Bf5 5. Ng3 Bg6 6. Nf3 Nd7 7. h4 h6 8. Bd3 Bxd3 9. Qxd3 e6 10. Bd2 Ngf6 11. 0-0-0 Be7 12. c4 0-0 13. Bc3 Qc7 14. Kb1 Rfd8 15. Qe2 b5 16. b3 a5 17. Ne5 Nxe5 18. dxe5 Rxd1+ 19. Rxd1 Nd7 20. h5 bxc4 21. bxc4 Nc5 22. Qc2 a4 23. Ne4 Rb8+ 24. Ka1 Nxe4 1/2-1/2

[Event "Ste Foy Euwe"]
[Site "Ste Foy"]
[Date "2017.02.11"]
[Round "5"]
[White "Laflamme, Simon"]
[Black "Gaudreau, Eric"]
[Result "1/2-1/2"]
[WhiteElo "1873"]
[BlackElo "1656"]
[PlyCount "39"]
[EventDate "2017.01.14"]
[EventType "swiss"]
[EventRounds "5"]
[EventCountry "CAN"]
[SourceTitle "EXT 2022"]
[Source "ChessBase"]
[SourceDate "2021.10.06"]
[SourceVersion "1"]
[SourceVersionDate "2021.10.06"]
[SourceQuality "1"]

1. Nf3 d5 2. c4 e6 3. g3 c6 4. Bg2 f5 5. 0-0 Nf6 6. d4 Bd6 7. Qc2 0-0 8. Nc3 Qe7 9. b3 Bd7 10. Bb2 Be8 11. Rfe1 Bh5 12. cxd5 cxd5 13. Ne5 a6 14. Na4 Nbd7 15. Nd3 Rac8 16. Qd1 b6 17. Rc1 g5 18. Ne5 b5 19. Nxd7 Nxd7 20. Nc3 1/2-1/2

[Event "Quebec Capablanca"]
[Site "Quebec"]
[Date "2015.12.07"]
[Round "5"]
[White "Bluteau, Yvon"]
[Black "Gaudreau, Eric"]
[Result "1-0"]
[WhiteElo "1971"]
[BlackElo "1750"]
[PlyCount "63"]
[EventDate "2015.11.09"]
[EventType "swiss"]
[EventRounds "5"]
[EventCountry "CAN"]
[SourceTitle "EXT 2022"]
[Source "ChessBase"]
[SourceDate "2021.10.06"]
[SourceVersion "1"]
[SourceVersionDate "2021.10.06"]
[SourceQuality "1"]

1. Nf3 d5 2. g3 Nf6 3. Bg2 Bg4 4. 0-0 e6 5. c4 c6 6. cxd5 exd5 7. d4 Bd6 8. Nc3 0-0 9. Qd3 Bxf3 10. exf3 Nbd7 11. Bg5 h6 12. Bd2 Nh7 13. Rfe1 Qf6 14. Re2 Rfe8 15. Rae1 Rxe2 16. Rxe2 Nhf8 17. Nd1 Ne6 18. Bc3 Ndf8 19. f4 Nc7 20. Ne3 Qg6 21. f5 Qh7 22. Ng4 Nd7 23. Ba5 b6 24. Bd2 h5 25. Ne5 Nxe5 26. dxe5 Bc5 27. Bf4 Nb5 28. Re1 Nd4 29. Bh3 Ne6 30. Bd2 h4 31. g4 Nd4 32. b4 1-0

[Event "Ste-Foy - Morphy"]
[Site "Ste Foy"]
[Date "2015.03.14"]
[Round "3"]
[White "Gaudreau, Eric"]
[Black "Chouinard, Etienne"]
[Result "1/2-1/2"]
[WhiteElo "1718"]
[BlackElo "1805"]
[PlyCount "60"]
[EventDate "2015.02.28"]
[EventType "swiss"]
[EventRounds "5"]
[EventCountry "CAN"]
[SourceTitle "EXT 2019"]
[Source "ChessBase"]
[SourceDate "2018.10.10"]
[SourceVersion "1"]
[SourceVersionDate "2018.10.10"]
[SourceQuality "1"]

1. e4 e5 2. Nf3 Nc6 3. Bb5 Nf6 4. d3 Bc5 5. 0-0 d6 6. c3 0-0 7. Bxc6 bxc6 8. Nbd2 Ba6 9. Qc2 Bc8 10. d4 exd4 11. cxd4 Bb6 12. Qxc6 Bd7 13. Qc2 Re8 14. Re1 a5 15. Nc4 Rc8 16. Bg5 h6 17. Bh4 g5 18. Nxg5 hxg5 19. Bxg5 Bxd4 20. Rad1 c5 21. Nxd6 Re5 22. Bxf6 Qxf6 23. Nxc8 Rg5 24. Rd3 Bxc8 25. Red1 Bb7 26. Rxd4 cxd4 27. f3 Qxf3 28. Rxd4 Qe3+ 29. Qf2 Qc1+ 30. Qf1 Qe3+ 1/2-1/2

[Event "Ste-Foy - Euwe"]
[Site "Ste Foy"]
[Date "2015.02.14"]
[Round "5"]
[White "Gaudreau, Eric"]
[Black "Chouinard, Etienne"]
[Result "1/2-1/2"]
[WhiteElo "1716"]
[BlackElo "1789"]
[PlyCount "132"]
[EventDate "2015.01.17"]
[EventType "swiss"]
[EventRounds "5"]
[EventCountry "CAN"]
[SourceTitle "EXT 2019"]
[Source "ChessBase"]
[SourceDate "2018.10.10"]
[SourceVersion "1"]
[SourceVersionDate "2018.10.10"]
[SourceQuality "1"]

1. e4 e5 2. Nf3 Nc6 3. Bb5 Nf6 4. 0-0 Bc5 5. d3 d6 6. c3 0-0 7. h3 Ne7 8. Re1 Ng6 9. d4 Bb6 10. Be3 a6 11. Bd3 Re8 12. d5 Bxe3 13. Rxe3 Nf4 14. Bf1 h6 15. Kh2 Qd7 16. Ng1 b5 17. g3 Ng6 18. a4 Bb7 19. axb5 axb5 20. Rxa8 Rxa8 21. Na3 c6 22. dxc6 Bxc6 23. f3 Ne8 24. c4 Qa7 25. Qd2 b4 26. Nc2 b3 27. Rxb3 Qa2 28. Rb6 Qb1 29. Bd3 Ra2 30. Rxc6 Rxb2 31. Ra6 Ne7 32. g4 Ng6 33. Ne2 Nh4 34. Qc1 Nxf3+ 35. Kg3 Ng5 36. Qxb1 Rxb1 37. h4 Ne6 38. Ne3 Rb3 39. Nc1 Rc3 40. Ra1 Nf4 41. Nd1 Ne2+ 42. Nxe2 Rxd3+ 43. Kg2 Nf6 44. Nf2 Rd2 45. Kf3 Kf8 46. Ke3 Rb2 47. Rd1 Ke7 48. Nc3 Ke6 49. Nd5 Ne8 50. Ra1 Nf6 51. Nxf6 Kxf6 52. Ra6 Ke7 53. Ra3 Rc2 54. Ra4 g6 55. Kf3 Rc3+ 56. Ke2 Rc2+ 57. Ke3 Ke6 58. h5 gxh5 59. gxh5 Rc3+ 60. Nd3 Rc2 61. Nf2 f5 62. exf5+ Kxf5 63. Ra6 Rxc4 64. Rxd6 Kg5 65. Re6 Kxh5 66. Rxe5+ Kg6 1/2-1/2

[Event "Ste-Foy - Euwe"]
[Site "Ste Foy"]
[Date "2015.02.07"]
[Round "4"]
[White "Gaudreau, Eric"]
[Black "Dube, Daniel"]
[Result "0-1"]
[WhiteElo "1716"]
[BlackElo "1921"]
[PlyCount "70"]
[EventDate "2015.01.17"]
[EventType "swiss"]
[EventRounds "5"]
[EventCountry "CAN"]
[SourceTitle "EXT 2019"]
[Source "ChessBase"]
[SourceDate "2018.10.10"]
[SourceVersion "1"]
[SourceVersionDate "2018.10.10"]
[SourceQuality "1"]

1. d4 d5 2. Bf4 f6 3. e3 c5 4. c3 Bf5 5. Bd3 Bxd3 6. Qxd3 Nc6 7. h4 e5 8. dxe5 fxe5 9. Bg5 Be7 10. Nh3 Qd7 11. Nd2 e4 12. Qb5 Ne5 13. Qxd7+ Kxd7 14. Nf4 Nd3+ 15. Ke2 Nxf4+ 16. Bxf4 b5 17. f3 Nf6 18. Be5 exf3+ 19. gxf3 Ke6 20. f4 Ng4 21. Nf3 Bf6 22. Bxf6 gxf6 23. h5 a5 24. Rh4 Nh6 25. Kf2 Rhg8 26. Rg1 Rxg1 27. Kxg1 b4 28. Rh2 Rg8+ 29. Kf1 Nf5 30. Kf2 bxc3 31. bxc3 Ng3 32. Nd2 Kf5 33. Nb3 Ne4+ 34. Ke2 a4 35. Nd2 Nxc3+ 0-1

[Event "Ste Foy CC-ch"]
[Site "Ste Foy"]
[Date "2014.06.07"]
[Round "4"]
[White "Gaudreau, Eric"]
[Black "Laflamme, Simon"]
[Result "1/2-1/2"]
[WhiteElo "1715"]
[BlackElo "1966"]
[PlyCount "64"]
[EventDate "2014.05.17"]
[EventType "tourn"]
[EventRounds "5"]
[EventCountry "CAN"]
[SourceTitle "EXT 2022"]
[Source "ChessBase"]
[SourceDate "2021.10.06"]
[SourceVersion "1"]
[SourceVersionDate "2021.10.06"]
[SourceQuality "1"]

1. d4 Nf6 2. c4 e6 3. Nc3 Bb4 4. e3 b6 5. Nge2 c5 6. a3 Ba5 7. Bd2 Bb7 8. Ng3 0-0 9. Bd3 Bxg2 10. Rg1 Bb7 11. Nh5 Nxh5 12. Qxh5 f5 13. 0-0-0 Qf6 14. Rg3 Qf7 15. Qh4 Qf6 16. Qf4 Rf7 17. Nb5 Bxd2+ 18. Rxd2 cxd4 19. exd4 Nc6 20. Nd6 Nxd4 21. Nxb7 Nb3+ 22. Kb1 e5 23. Qe3 Nxd2+ 24. Qxd2 Qc6 25. Qg5 Qxb7 26. Bxf5 Raf8 27. Qg4 Kh8 28. Be4 Qc7 29. Qh5 g6 30. Rxg6 d6 31. Rh6 Qe7 32. f3 Rg7 1/2-1/2

[Event "Ste Foy Samedi 01"]
[Site "Ste Foy"]
[Date "2014.02.01"]
[Round "3"]
[White "Laflamme, Simon"]
[Black "Gaudreau, Eric"]
[Result "1/2-1/2"]
[WhiteElo "1910"]
[BlackElo "1828"]
[PlyCount "39"]
[EventDate "2014.01.11"]
[EventType "swiss"]
[EventRounds "5"]
[EventCountry "CAN"]
[SourceTitle "EXT 2022"]
[Source "ChessBase"]
[SourceDate "2021.10.06"]
[SourceVersion "1"]
[SourceVersionDate "2021.10.06"]
[SourceQuality "1"]

1. d4 d5 2. Nf3 Nf6 3. g3 e6 4. Bg2 Bd6 5. 0-0 Nbd7 6. c4 c6 7. Nc3 0-0 8. Re1 dxc4 9. Bg5 h6 10. Bxf6 Nxf6 11. Nd2 e5 12. Nxc4 exd4 13. Qxd4 Bb4 14. Qe3 Be6 15. Red1 Qc7 16. Ne5 Bxc3 17. Qxc3 Rfd8 18. Nd3 Bd5 19. Nf4 Bxg2 20. Kxg2 1/2-1/2

[Event "Charlesbourg Olympiade"]
[Site "Charlesbourg"]
[Date "2007.11.05"]
[Round "5"]
[White "Gaudreau, Eric"]
[Black "Gagnon, Alain"]
[Result "0-1"]
[WhiteElo "1621"]
[BlackElo "1599"]
[PlyCount "34"]
[EventDate "2007.10.08"]
[EventType "swiss"]
[EventRounds "6"]
[EventCountry "CAN"]
[SourceTitle "EXT 2022"]
[Source "ChessBase"]
[SourceDate "2021.10.06"]
[SourceVersion "1"]
[SourceVersionDate "2021.10.06"]
[SourceQuality "1"]

1. e4 c5 2. Nf3 d6 3. d4 cxd4 4. Nxd4 Nf6 5. Nc3 g6 6. Be3 Bg7 7. f3 a6 8. Qd2 Nc6 9. Bc4 0-0 10. 0-0-0 Nxd4 11. Bxd4 b5 12. Bb3 a5 13. a4 Rb8 14. Kb1 Bd7 15. g4 Ra8 16. e5 Ra6 17. Bd5 Nxd5 0-1

[Event "Quebec Girard Memorial"]
[Site "Quebec"]
[Date "2007.09.01"]
[Round "1"]
[White "Gaudreau, Eric"]
[Black "Groleau, Gilles"]
[Result "1-0"]
[WhiteElo "1627"]
[BlackElo "1988"]
[PlyCount "49"]
[EventDate "2007.09.01"]
[EventType "swiss"]
[EventRounds "5"]
[EventCountry "CAN"]
[SourceTitle "EXT 2022"]
[Source "ChessBase"]
[SourceDate "2021.10.06"]
[SourceVersion "1"]
[SourceVersionDate "2021.10.06"]
[SourceQuality "1"]

1. e4 c5 2. c3 e6 3. d4 d5 4. e5 Nc6 5. Nf3 Qb6 6. a3 cxd4 7. cxd4 Bd7 8. Nc3 f6 9. exf6 Nxf6 10. Bd3 Be7 11. b4 0-0 12. 0-0 Rac8 13. Na4 Qc7 14. Bb2 Ng4 15. h3 Rxf3 16. hxg4 Rf7 17. Rc1 Bg5 18. Rc3 Qd8 19. Nc5 b6 20. Nxd7 Rxd7 21. Bb5 Rdc7 22. Ba6 Rb8 23. Bc1 Bxc1 24. Qxc1 Nxd4 25. Rxc7 1-0

[Event "Quebec Montcalm op 6th"]
[Site "Quebec"]
[Date "2005.??.??"]
[Round "4"]
[White "Gaudreau, Eric"]
[Black "Bender, Karl"]
[Result "0-1"]
[WhiteElo "1580"]
[BlackElo "1575"]
[PlyCount "82"]
[EventDate "2005.??.??"]
[EventType "swiss"]
[EventRounds "5"]
[EventCountry "CAN"]
[SourceTitle "EXT 2007"]
[Source "ChessBase"]
[SourceDate "2006.11.23"]
[SourceVersion "1"]
[SourceVersionDate "2006.11.23"]
[SourceQuality "1"]

1. Nf3 Nf6 2. d4 d5 3. Bg5 e6 4. e3 Be7 5. Bd3 Nbd7 6. Nbd2 c5 7. c3 Qb6 8. Rb1 0-0 9. 0-0 c4 10. Bc2 Bd6 11. Re1 Qc7 12. Qe2 Ng4 13. g3 e5 14. dxe5 Ndxe5 15. Nxe5 Nxe5 16. Qh5 f5 17. Bf4 Ng4 18. Qh3 g6 19. Qg2 Nf6 20. Nf3 Ne4 21. Red1 Bxf4 22. exf4 Be6 23. Ne5 Qb6 24. Qf3 Rad8 25. b3 Qa5 26. Bxe4 dxe4 27. Qe2 Rxd1+ 28. Rxd1 cxb3 29. axb3 Qxc3 30. Rb1 Bxb3 31. Qb5 Ba2 32. Rb2 Qc1+ 33. Kg2 Be6 34. Qxb7 a5 35. Rb6 Qc8 36. Qa7 e3 37. fxe3 Bd5+ 38. Kh3 Qc2 39. Nxg6 Qg2+ 40. Kh4 Qxh2+ 41. Kg5 h6# 0-1